000 00570nam a2200145Ia 4500
008 151213s9999 xx 000 0 und d
100 _aমুহাম্মদ দানীউল হক।
245 _aসাহিত্য কথা।
_cমুহাম্মদ দানীউল হক।
260 _aঢাকা
_bবাংলা একাডেমী মুদ্্রন শাখা।
_c1978
300 _a8802 p.
650 _aBangla
650 _aসাহিত্য
700 _aমুহাম্মদ দানীউল হক।
999 _c4587
_d4587